10 Rappeurs bordelais - Statistiques

Statistiques générales
  • Ce quiz a été pris 5 fois
  • Le résultat moyen est 2 sur 8
Statistiques - réponses
Projet Artiste % Correct
SadBaby Confessions [hyperpop] BabySolo33
50%
IL ME RESSEMBLE PAS NON PLUS Khali
50%
it looks fun / but it ain't [beatmakers] 3G
25%
Bromance Baby Neelou
25%
it looks fun / but it ain't [beatmakers] Bricksy
25%
Glowop Lil Guwop
25%
MEGALOVER Yuri Online
25%
4 DA SUMMER ! $ouley
0%
Aucun quiz correspondant
Distribution des résultats
% des personnes avec chaque résultat
Percentile par nombre de réponses
Votre historique - résultats
Vous n’avez pas pris ce quiz